|
|
|
|
| LEADER |
00000nam a2200000 i 4500 |
| 001 |
1/68166 |
| 008 |
990128s1997 gre d |
| 020 |
|
|
|a 960-7022-92-0
|
| 035 |
|
|
|l 10047604
|
| 040 |
|
|
|a GR-MY-UA
|b gre
|e aacr
|
| 041 |
0 |
|
|a gre
|
| 082 |
0 |
|
|a 180.938
|
| 100 |
1 |
|
|a Λιανέρης, Νικήτας Ν.
|
| 245 |
1 |
2 |
|a Η προιστορία στην αρχαιότητα :
|b περί μύθου και φιλοσοφίας /
|c Νικήτας Ν.Λιανέρης
|
| 260 |
|
|
|a Αθήνα :
|b Τροχαλία,
|c 1997
|
| 300 |
|
|
|a 126 σ.
|
| 650 |
0 |
0 |
|a Philosophy, Ancient.
|
| 650 |
0 |
0 |
|a Prehistoric peoples.
|
| 852 |
|
|
|a INST
|b RHODES
|e 19990128
|h 180.938 ΛΙΑ
|p 005400005555
|q 005400005555
|t BK
|y 0
|
| 901 |
|
|
|a BIBL-1999-1
|
| 909 |
|
|
|a Ρ
|b 058180
|c 1998
|
| 922 |
|
|
|a 4ΕΛΗ
|b 199806
|c ΚΠΣ/ΔΕ
|d EMVASIS
|
| 970 |
|
|
|z 2000/06/ΚΑΤΕΡΙΝΑ
|